Podpisz zdjęcia po angielsku #8 - Statystyki

Ogólne statystyki
  • Ten quiz został rozwiązany 48 razy
  • Średni wynik to 11 z 16
Statystyki odpowiedzi
Obrazkowy Odpowiedź % Poprawnych
Elephant
98%
Umbrella
91%
River
89%
Battery
87%
Corn
87%
Queen
82%
Koala
76%
Parrot
76%
Gloves
73%
Nails
71%
Jungle
64%
Microwave
64%
Scarf
44%
Flute
40%
Anchor
38%
Hill
38%
Nie znaleziono quizów pasujących do podanych kryteriów
Rozkład punktacji
Procent ludzi z każdym wynikiem
Percentyl według liczby udzielonych odpowiedzi
Twoja historia wyników
Nie rozwiązałeś tego quizu